Burza dvojmesačník Burzy cenných papierov v Bratislave = bimonthly magazine of the Bratislava Stock Exchange
Salvato in:
| Natura: | Periodico |
|---|---|
| Lingua: | slovacco inglese |
| Pubblicazione: |
Bratislava
Burza cenných papierov v Bratislave
1998
|
| Soggetti: | |
| Tags: |
Nessun Tag, puoi essere il primo ad aggiungerne!!
|
MARC
| LEADER | 00000nas2a2200000 4500 | ||
|---|---|---|---|
| 001 | s122152 | ||
| 005 | 20221220130643.4 | ||
| 022 | |a 1335-1435 | ||
| 041 | 0 | |a slo | |
| 041 | 0 | |a eng | |
| 044 | |a SK | ||
| 245 | 1 | 0 | |a Burza |b dvojmesačník Burzy cenných papierov v Bratislave = bimonthly magazine of the Bratislava Stock Exchange |
| 264 | 1 | |a Bratislava |b Burza cenných papierov v Bratislave |c 1998 | |
| 300 | |a 1 zv. | ||
| 773 | 0 | |w eu_un_cat*s120006 | |
| 610 | 2 | 0 | |a burzy |
| 610 | 2 | 0 | |a papiere cenné |
| 610 | 2 | 0 | |a trh kapitálový |
| 610 | 2 | 0 | |a trh finančný |